Vplyv fluktuácie kvalifikovaných lekárskych kádrov na poskytovanie zdravotníckej starostlivosti v okrese Senica záverečná práca postgraduálneho štúdia

Gespeichert in:
Bibliographische Detailangaben
1. Verfasser: Pecha, Milan
Körperschaft: Vysoká škola ekonomická v Bratislave
Weitere Verfasser: Galajda, Vasil
Format: Buch
Sprache:Slowakisch
Veröffentlicht: Bratislava 1988
Tags: Tag hinzufügen
Keine Tags, Fügen Sie das erste Tag hinzu!

MARC

LEADER 00000nam a2200000 4500
001 c034366
005 20221219092551.5
041 0 |a slo 
044 |a SK 
245 1 0 |a Vplyv fluktuácie kvalifikovaných lekárskych kádrov na poskytovanie zdravotníckej starostlivosti v okrese Senica  |b záverečná práca postgraduálneho štúdia  |c Milan Pecha ; ved. práce Vasil Galajda 
264 1 |a Bratislava  |c 1988 
300 |a 26 s. 
100 1 |a Pecha, Milan 
700 1 |a Galajda, Vasil 
710 2 |a Vysoká škola ekonomická v Bratislave